| 000 | 00409nam a22001337a 4500 | ||
|---|---|---|---|
| 082 |
_a344.044 _bIRF |
||
| 100 | _aCh., Muhammad Irfan-Ul-Haq | ||
| 245 |
_aThe Manual of Mental Health Laws: _bwith relevant laws / _cMuhammad Irfan-Ul-Haq Ch. |
||
| 260 |
_aLahore : _bAl-Haq Law Book Centre, _c2023. |
||
| 300 | _a396 p. | ||
| 563 | _aHB. | ||
| 650 |
_aLaw, Mental Health Laws _9128045 |
||
| 942 |
_2ddc _cBK |
||
| 999 |
_c613066 _d613066 |
||